00818 2200301 4500001002100000005001500021007000300036008004100039020001800080035002000098082000800118084001400126100001600140245011700156260004100273300002800314650002400342700000600366990001600372990001600388990001600404990001600420990001600436990001600452990001600468990001600484990001600500INLIS00000000000096120190219031124ta190219 0 ind  a9786022291749 a0010-0219000002 a378 a378 AGU p0 aAgus Wibowo1 aPendidikan karakter di perguruan tinggi :bmembangun karakter ideal mahasiswa di perguruan tinggi /cAgus Wibowo aYogyakarta :bPustaka Pelajar,c2013 ax, 219 p. :b- ;c21 cm aPendidikan karakter0 a- a00000003573 a00000003573 a00000003573 a00000003574 a00000003574 a00000003574 a00000003575 a00000003575 a00000003575